1907 1973 1269 1344 1171 1398 1742 1726 1837 1663 1318 1676 1867 1100 1319 1928 1593 1800 1162 1864 1520 1910 1670 1896 1120 1236 1415 1932 1181 1231 1221 1726 1058 1677 1669 1555 1802 1450 1101 1980 1904 1661 1128 1601 1624 1811 1991 1660 1061 1269 1877 1919 1289 1150 1714 1612 1346 1937 1866 1785 1369 1335 1132 1408 1332 1924 1503 1888 1211 1182 1168 1543 1068 1990 1017 1423 1369 1747 1754 1695 1834 1294 1462 1128 1220 1598 1106 1904 1622 1107 1666 1026 1289 1537 1930 1128 1852 1099 1605 BCNSPRNW ULIB Ver.6.0+V

เปลี่ยนเป็นภาษาไทย

Change to English
 แสดงรายละเอียดบรรณานุกรม
  กลับหน้าหลัก

Brief Record : Get Marc (ISO 2709) : E-mail record : QR code < ปิดหน้าต่าง
LEADER : 00000nam 2200000uu 4500
001    13399121871
003     ULIB
008    121212s2551||||th 000 0 tha d
020    ^a9789740322627
050  4 ^aHA29.5^bร242ส
100 0  ^aระพินทร์ โพธิ์ศรี
245 10 ^aสถิติเพื่อการวิจัย =^bStatistics for research /^cระพินทร์โพธิ์ศรี
246 31 ^aStatistics for research
250    ^aพิมพ์ครั้งที่ 2
260    ^aกรุงเทพฯ :^bสำนักพิมพ์แห่งจุฬาลงกรณ์มหาวิทยาลัย,^c2551.
300    ^a292 หน้า :^bภาพประกอบ ;^c26 ซม. +^eซีดี 1 แผ่น
591    ^aLIMS มีฉบับพิมพ์ครั้งที่ 2 ฉบับปรับปรุง ปี 2551 ไม่มี ซีดี
650  4 ^aสถิติ
945    ^p220^l0^i033197
995    ^a เกษร
999    ^aใช้งานได้ทุกระบบ
รายการนี้ยังไม่มีแท็ก
คุณยังไม่ได้ล็อกอิน คุณสามารถมีกิจกรรมร่วมกับเว็บไซต์ได้ แต่ต้องล็อกอินก่อน ::
  ล็อกอิน

รายการสื่อสารสนเทศ

ลำดับที่ ประเภท เลขเรียก/บาร์โค้ด สถานที่ สถานะ
1. วิทยาศาสตร์การแพทย์ และสุขภาพ
หนังสือสำรอง
สถานะ=หนังสือสำรอง
HA29.5 ร242ส ฉ.1 
  Barcode: 033197
ห้องสมุดวิทยาเขตสวรรค์ประชารักษ์
►หนังสือทั่วไป
บนชั้น

รายการใกล้เคียง
    ผู้แต่ง [ระพินทร์ โพธิ์ศรี]

    หัวเรื่อง [สถิติ]

BibComment


ยังไม่เคยถูกคอมเมนท์

คอมเมนท์ทรัพยากรรายการนี้
  คอมเมนท์: สถิติเพื่อการวิจ..


 Copyright 2026. Bcnsprnw @Library